| 000 | 00426nam a2200157Ia 4500 | ||
|---|---|---|---|
| 008 | 210210b1995 xxu||||| |||| 00| 0 eng d | ||
| 082 | _a658.001 AGAP | ||
| 100 | _aAGARWAL (H S). | ||
| 245 | _aPrinciples of managerial economics. | ||
| 250 | _a | ||
| 260 |
_aAgra. _bRatan Prakashan Mandir, _c1995 |
||
| 300 | _avii,744 | ||
| 650 | _aPrinciples, Managerial Economics | ||
| 690 | _aManagerial Economics | ||
| 906 | _a052329 | ||
| 999 |
_c100779 _d100779 |
||